Euskeraren Berri Onak

Gorde:
Xehetasun bibliografikoak
Egile nagusia: Cardaberaz S. I., Agustín (Egilea)
Formatua: Liburua
Hizkuntza:euskara
Argitaratua: Bilbao Auspoa Liberutegia 1964
Gaiak:
Etiketak: Etiketa erantsi
Etiketarik gabe, Izan zaitez lehena erregistro honi etiketa jartzen!

MARC

LEADER 00000nam a2200000 a 4500
001 UCG5617
003 CL-VaPUC
008 110310e19640000SP |||||||||||||||||baq|d
082 0 4 |a 271.53  |b CAR  |2 21 
100 0 |a Cardaberaz S. I., Agustín  |e author  |9 555298 
245 1 0 |a Euskeraren Berri Onak 
300 |a 128 p 
942 |c BK 
945 |d 20110310 00:00:00  |a jcampos 
260 |a Bilbao  |b Auspoa Liberutegia  |c 1964 
650 0 |a Religión católica   |9 399371 
650 0 |a Jesuitas  |9 268366 
650 0 |a Catolicismo  |9 258690 
583 |a last modification  |c 20110310 00:00:00  |k Rodrigo Vera 
999 |c 344028  |d 344026 
952 |0 0  |1 0  |4 0  |6 271_530000000000000_CAR_1964  |7 0  |8 X  |9 441792  |a FDOBUD  |b FDOBUD  |d 2019-11-22  |i 4737164  |o 271.53 CAR 1964  |p 4737164  |r 2019-11-22  |w 2019-11-22  |y BK_X  |k BUD